[Event "Veneto Region-ch"]
[Site "Arqua Petrarca"]
[Date "2006.05.14"]
[Round "6"]
[White "Santacaterina, Pietro"]
[Black "Battiston, Gianfranco"]
[Result "1/2-1/2"]
[WhiteElo "1598"]
[BlackElo "1652"]
[PlyCount "124"]
[EventDate "2006.05.06"]
[EventType "swiss"]
[EventRounds "6"]
[EventCountry "ITA"]
[SourceTitle "EXT 2011"]
[Source "ChessBase"]
[SourceDate "2010.11.26"]
[SourceVersion "1"]
[SourceVersionDate "2010.11.26"]
[SourceQuality "1"]

1. d4 d5 2. c4 dxc4 3. Nf3 Nf6 4. Nc3 e6 5. Bg5 Be7 6. e3 Nc6 7. Bxc4 h6 8. Bh4 a6 9. 0-0 b5 10. Bd3 Bb7 11. a3 0-0 12. Rc1 Na5 13. Ne5 Rc8 14. b4 Nc6 15. Nxc6 Bxc6 16. Bb1 Bb7 17. Qd3 g6 18. Bg3 Nd5 19. Nxd5 Bxd5 20. Qd2 Kg7 21. Rc3 Bb7 22. Be5+ Bf6 23. Rc5 Bxe5 24. Rxe5 Qd6 25. Ba2 Rfd8 26. Qb2 Kh7 27. Rc5 Rd7 28. Rfc1 Qe7 29. g3 Qf6 30. Qe2 Bf3 31. Qf1 Be4 32. f4 Kg7 33. Qh3 Bd3 34. Qg2 h5 35. Qb7 Qd8 36. R1c3 Bf5 37. Qxa6 Be4 38. Qxb5 c6 39. Qe2 Rb8 40. Bc4 Ra8 41. b5 cxb5 42. Bxb5 Rb7 43. Bc6 Bxc6 44. Rxc6 Rb1+ 45. Kf2 Rab8 46. Rc2 Rh1 47. Kg2 Rbb1 48. R6c5 Qa8+ 49. Kh3 Qxa3 50. R5c3 Qd6 51. g4 Rbe1 52. Qf3 hxg4+ 53. Qxg4 Qd5 54. Rg2 Rhf1 55. Qg5 Rf3+ 56. Rg3 Rxg3+ 57. Qxg3 Qh5+ 58. Qh4 Qf3+ 59. Qg3 Qh5+ 60. Kg2 Qe2+ 61. Qf2 Qg4+ 62. Qg3 Qe2+ 1/2-1/2

[Event "Veneto-ch qf 65th"]
[Site "Arqua Petrarca"]
[Date "2005.05.15"]
[Round "5.15"]
[White "Battiston, Gianfranco"]
[Black "Belloni, Umberto"]
[Result "0-1"]
[WhiteElo "1664"]
[BlackElo "1950"]
[PlyCount "85"]
[EventDate "2005.05.07"]
[EventType "swiss"]
[EventRounds "6"]
[EventCountry "ITA"]
[SourceTitle "EXT 2024"]
[Source "ChessBase"]
[SourceDate "2023.10.10"]
[SourceVersion "1"]
[SourceVersionDate "2023.10.10"]
[SourceQuality "1"]

1. e4 e6 2. Nf3 d5 3. exd5 exd5 4. d4 Bd6 5. Nc3 c6 6. Bg5 f6 7. Bh4 Nh6 8. Bd3 Qe7+ 9. Be2 Bf5 10. 0-0 Nd7 11. Re1 0-0-0 12. Bd3 Qf7 13. Na4 Bg4 14. h3 Bh5 15. Be2 Bxf3 16. Bxf3 Nf5 17. Bg3 Nxg3 18. fxg3 Bxg3 19. Rf1 h5 20. b4 g5 21. Qd3 b5 22. Nc5 Nxc5 23. bxc5 Qh7 24. Qa3 Qc7 25. Qd3 Bh2+ 26. Kh1 Kb8 27. a4 b4 28. c4 g4 29. Be2 Bf4 30. cxd5 Rxd5 31. Qe4 Bg5 32. a5 Rhd8 33. Rfd1 f5 34. Qb1 Rxd4 35. Rxd4 Rxd4 36. Qxf5 Qf4 37. Qh7 gxh3 38. Qh8+ Rd8 39. Qxh5 hxg2+ 40. Kxg2 Bf6 41. Qf3 Rg8+ 42. Kf1 Qxf3+ 43. Bxf3 0-1

[Event "Veneto-ch qf 65th"]
[Site "Arqua Petrarca"]
[Date "2005.05.14"]
[Round "4.12"]
[White "Guclu, Yaman"]
[Black "Battiston, Gianfranco"]
[Result "1-0"]
[WhiteElo "2023"]
[BlackElo "1664"]
[PlyCount "85"]
[EventDate "2005.05.07"]
[EventType "swiss"]
[EventRounds "6"]
[EventCountry "ITA"]
[SourceTitle "EXT 2024"]
[Source "ChessBase"]
[SourceDate "2023.10.10"]
[SourceVersion "1"]
[SourceVersionDate "2023.10.10"]
[SourceQuality "1"]

1. d4 d5 2. c4 dxc4 3. Nf3 Nf6 4. Nc3 e6 5. e3 a6 6. Bxc4 b5 7. Bd3 Bb7 8. 0-0 Be7 9. a3 Nc6 10. e4 0-0 11. e5 Nd5 12. Ne4 f5 13. exf6 Nxf6 14. Bc2 Qd5 15. Re1 Nxe4 16. Bxe4 Qh5 17. Qc2 Rxf3 18. Bxc6 Rxf2 19. Qxf2 Bxc6 20. Qe2 Qxe2 21. Rxe2 Bd5 22. Be3 Rc8 23. Rc2 c6 24. b4 Bf6 25. Rac1 Kf7 26. Rd2 Kg8 27. Bf4 Rd8 28. Re1 Bc4 29. Be5 Bxe5 30. Rxe5 Rf8 31. Rf2 Rd8 32. Rf4 Kh8 33. Kf2 Kg8 34. Ke3 Ra8 35. Rc5 Bd5 36. Rf2 a5 37. Rcc2 a4 38. Kf4 Rf8+ 39. Ke5 Rd8 40. Rc5 Re8 41. g3 Rf8 42. Rxf8+ Kxf8 43. Rxd5 1-0

[Event "Veneto-ch qf 65th"]
[Site "Arqua Petrarca"]
[Date "2005.05.08"]
[Round "2.23"]
[White "Battiston, Gianfranco"]
[Black "Mocellin, Gianfranco"]
[Result "1-0"]
[WhiteElo "1664"]
[BlackElo "1793"]
[PlyCount "127"]
[EventDate "2005.05.07"]
[EventType "swiss"]
[EventRounds "6"]
[EventCountry "ITA"]
[SourceTitle "EXT 2024"]
[Source "ChessBase"]
[SourceDate "2023.10.10"]
[SourceVersion "1"]
[SourceVersionDate "2023.10.10"]
[SourceQuality "1"]

1. e4 d5 2. exd5 Qxd5 3. d4 c6 4. Nc3 Qd8 5. Nf3 Bf5 6. Bc4 e6 7. Bg5 Be7 8. Bxe7 Nxe7 9. Nh4 Bg6 10. Qd2 Nd7 11. Nxg6 hxg6 12. Qf4 Nb6 13. Bb3 Rc8 14. 0-0-0 Qc7 15. Qf3 Ned5 16. Ne4 Rd8 17. g3 Qe7 18. h4 Nf6 19. Ng5 Nbd5 20. Rhe1 Kd7 21. c4 Nb6 22. Kb1 Kc8 23. d5 cxd5 24. cxd5 Rhe8 25. dxe6 Rxd1+ 26. Qxd1 Kb8 27. Nxf7 Qc5 28. Qd6+ Qxd6 29. Nxd6 Re7 30. Nf7 Ng4 31. f3 Nh6 32. Ne5 Nf5 33. Nxg6 Re8 34. g4 Nd4 35. f4 Kc7 36. f5 Nc8 37. Ba4 b5 38. Rd1 Nxe6 39. Bxb5 Rd8 40. Rxd8 Nxd8 41. Kc2 Kd6 42. Kd3 Nf7 43. Kd4 Nh6 44. Be2 Nb6 45. Nf4 Nd7 46. Ng2 Ne5 47. Ne3 Nc6+ 48. Ke4 Nf7 49. a3 Nce5 50. Nc4+ Nxc4 51. Bxc4 Ne5 52. Be2 Nf7 53. b4 Nd8 54. g5 Ke7 55. Bb5 Nf7 56. Kd5 Nd6 57. Bd3 Nf7 58. a4 Nd8 59. a5 Nb7 60. a6 Nd6 61. b5 Ne8 62. Kc6 Kd8 63. b6 axb6 64. Kxb6 1-0

[Event "Veneto-ch Quarti di Finale 64th"]
[Site "Arqua Petrarca"]
[Date "2004.05.16"]
[Round "5.8"]
[White "Roberti, Ignazio"]
[Black "Battiston, Gianfranco"]
[Result "1-0"]
[WhiteElo "1992"]
[BlackElo "1628"]
[PlyCount "109"]
[EventDate "2004.05.08"]
[EventType "swiss"]
[EventRounds "6"]
[EventCountry "ITA"]
[SourceTitle "EXT 2023"]
[Source "ChessBase"]
[SourceDate "2022.10.05"]
[SourceVersion "1"]
[SourceVersionDate "2022.10.05"]
[SourceQuality "1"]

1. e4 e5 2. Nf3 d6 3. d4 exd4 4. Nxd4 Nf6 5. Nc3 a6 6. a4 Nc6 7. Be2 Be7 8. Be3 0-0 9. Nxc6 bxc6 10. a5 Re8 11. 0-0 Bb7 12. f3 Nd7 13. Kh1 Bh4 14. Ra4 Bg5 15. f4 Bh4 16. Bf3 f5 17. Rb4 fxe4 18. Bxe4 Nf6 19. Qf3 Nxe4 20. Nxe4 Bc8 21. f5 d5 22. Nc5 Bf6 23. Bd4 Bxd4 24. Rxd4 Rb8 25. Ne6 Qf6 26. Nxc7 Re7 27. Nxd5 cxd5 28. Qxd5+ Be6 29. Qd8+ Rxd8 30. Rxd8+ Kf7 31. fxe6+ Rxe6 32. Rxf6+ Kxf6 33. Kg1 Ke7 34. Rd2 Re5 35. b4 Re4 36. c3 Re3 37. Rc2 Kd6 38. Kf2 Re6 39. Re2 Rf6+ 40. Ke3 Kd5 41. Kd3 Rh6 42. c4+ Kd6 43. h3 Rg6 44. g4 Rh6 45. Re3 Kc6 46. Kc3 Rf6 47. Kb3 g6 48. c5 Kb5 49. Rc3 h5 50. c6 Rxc6 51. Rxc6 Kxc6 52. g5 Kd6 53. Kc4 Kc6 54. h4 Kd6 55. b5 1-0

[Event "Veneto-ch qf 63rd"]
[Site "Arqua Petrarca"]
[Date "2003.05.10"]
[Round "4.22"]
[White "Battiston, Gianfranco"]
[Black "Pomaro, Stefano"]
[Result "0-1"]
[WhiteElo "1564"]
[BlackElo "1626"]
[PlyCount "83"]
[EventDate "2003.05.03"]
[EventType "swiss"]
[EventRounds "6"]
[EventCountry "ITA"]
[SourceTitle "EXT 2024"]
[Source "ChessBase"]
[SourceDate "2023.10.10"]
[SourceVersion "1"]
[SourceVersionDate "2023.10.10"]
[SourceQuality "1"]

1. e4 c6 2. d4 d5 3. exd5 cxd5 4. Nc3 Nc6 5. Nf3 Bg4 6. Be2 Nf6 7. h3 Bxf3 8. Bxf3 e6 9. 0-0 Be7 10. Re1 Qb6 11. Ne2 0-0 12. c3 Rfc8 13. Nf4 Bd6 14. Nd3 Na5 15. Bg5 Qc7 16. Bxf6 gxf6 17. Bh5 Kh8 18. Qf3 f5 19. Ne5 Bxe5 20. Rxe5 Nc4 21. Re2 Nd6 22. Qf4 Ne4 23. Qh6 Rg8 24. Rae1 Qe7 25. Qf4 Rg7 26. c4 Rag8 27. cxd5 Rxg2+ 28. Kh1 exd5 29. Qxf5 Ng3+ 30. fxg3 Rxe2 31. Rxe2 Qg5 32. Qxg5 Rxg5 33. Bxf7 Rxg3 34. Kh2 Rd3 35. Bxd5 Rxd4 36. Bxb7 Kg7 37. b3 Kf6 38. Be4 h6 39. Kg3 a5 40. Kf4 a4 41. bxa4 Rxa4 42. Rf2 0-1

[Event "Veneto-ch qf 63rd"]
[Site "Arqua Petrarca"]
[Date "2003.05.04"]
[Round "2.17"]
[White "Roberti, Ignazio"]
[Black "Battiston, Gianfranco"]
[Result "1-0"]
[WhiteElo "2001"]
[BlackElo "1564"]
[PlyCount "72"]
[EventDate "2003.05.03"]
[EventType "swiss"]
[EventRounds "6"]
[EventCountry "ITA"]
[SourceTitle "EXT 2024"]
[Source "ChessBase"]
[SourceDate "2023.10.10"]
[SourceVersion "1"]
[SourceVersionDate "2023.10.10"]
[SourceQuality "1"]

1. e4 e5 2. f4 d6 3. Nf3 Bg4 4. Bc4 Bxf3 5. Qxf3 Nf6 6. d3 Nc6 7. a4 Nd4 8. Qd1 Be7 9. c3 Nc6 10. f5 d5 11. exd5 Nxd5 12. Qf3 Nf6 13. g4 h6 14. Na3 a6 15. Nc2 Qd7 16. b4 Rd8 17. Ba3 e4 18. Qd1 Ne5 19. Nd4 Nfxg4 20. Qe2 Bh4+ 21. Kd2 Nxc4+ 22. dxc4 e3+ 23. Kc2 Qxa4+ 24. Kb2 Ne5 25. Qxe3 Bf6 26. Nf3 0-0 27. Nxe5 Bxe5 28. Rhd1 Bf6 29. Rd5 Rde8 30. Qf3 Qc6 31. Kb3 b5 32. c5 Qb7 33. Rad1 Re5 34. Qd3 Kh7 35. Rxe5 Bxe5 36. f6+ Kg8 1-0